000 00536nam a22001697a 4500
003 OSt
005 20260225100419.0
008 260225b |||||||| |||| 00| 0 eng d
040 _cMRSPTU
041 _aEnglish
100 _aNavinderdeep Singh, Supervisor: Harpreet Singh
245 _aEffect of fly Ash Dump on the Properties of Underground Water
260 _bDepartment of Civil Engg. MRSPTU, Bathinda
_c2016
650 _aCivil Engineering
856 _uhttp://163.47.215.52:8080/jspui/handle/123456789/373
942 _2ddc
_cTH
_n0
999 _c11004
_d11004